00682cam a22002051 4500001001300000003000400013005001700017008004100034010001700075035001800092040001800110050001900128100002600147245006400173260006800237300001800305500002500323500010600348651002200454sa 68019088 DLC20260227112716.0720725s1962 xx 000 0 eng  asa 68019088  a(OCoLC)365133 aDLCcOAUdDLC00aDU744.5b.S8990 aSoekarno,d1901-1970.10aOnly a nation with self-reliance can become a great nation. a[Djakarta]bDept. of Information, Republic of Indonesiac[1962] a15 p.c21 cm. a"Special issue, 88." a"Speech ... at a commemoration of National Reawakening Day, 20 May 1962, at Negara Palace, Djakarta." 0aPapua (Indonesia)